Two great Indian revolutionaries; (Record no. 73288)

MARC details
000 -LEADER
fixed length control field 00832cam a22002771 4500
001 - CONTROL NUMBER
control field sa 67002482
003 - CONTROL NUMBER IDENTIFIER
control field DLC
005 - DATE AND TIME OF LATEST TRANSACTION
control field 20260227112331.0
008 - FIXED-LENGTH DATA ELEMENTS--GENERAL INFORMATION
fixed length control field 780503s1966 ii c b 000 0deng
010 ## - LIBRARY OF CONGRESS CONTROL NUMBER
LC control number sa 67002482
035 ## - SYSTEM CONTROL NUMBER
System control number (OCoLC)3857762
040 ## - CATALOGING SOURCE
Original cataloging agency DLC
Transcribing agency MiRochOU
Modifying agency DLC
042 ## - AUTHENTICATION CODE
Authentication code premarc
043 ## - GEOGRAPHIC AREA CODE
Geographic area code a-ii---
050 00 - LIBRARY OF CONGRESS CALL NUMBER
Classification number DS481.B59
Item number M8
082 ## - DEWEY DECIMAL CLASSIFICATION NUMBER
Classification number 954.03/5/0922
100 1# - MAIN ENTRY--PERSONAL NAME
Personal name Mukherjee, Uma.
245 10 - TITLE STATEMENT
Title Two great Indian revolutionaries;
Remainder of title Rash Behari Bose & Jyotindra Nath Mukherjee.
250 ## - EDITION STATEMENT
Edition statement [1st ed.]
260 ## - PUBLICATION, DISTRIBUTION, ETC.
Place of publication, distribution, etc. Calcutta,
Name of publisher, distributor, etc. Firma K. L. Mukhopadhyay
Date of publication, distribution, etc. [1966]
300 ## - PHYSICAL DESCRIPTION
Extent viii, 251 p.
Other physical details ports.
Dimensions 22 cm.
504 ## - BIBLIOGRAPHY, ETC. NOTE
Bibliography, etc. note Bibliographical footnotes.
600 10 - SUBJECT ADDED ENTRY--PERSONAL NAME
Personal name Bose, Rash Behari,
Dates associated with a name 1886-1945.
600 10 - SUBJECT ADDED ENTRY--PERSONAL NAME
Personal name Mukherjee, Jyotindra Nath,
Dates associated with a name 1880-1915.
651 #0 - SUBJECT ADDED ENTRY--GEOGRAPHIC NAME
Geographic name India
General subdivision History
Chronological subdivision 20th century.

No items available.

Powered by Koha